000 00721nam a2200253Ia 4500
003 OSt
005 20220926022558.0
006 a|||||r|||| 00| 0
007 ta
008 220923b |||||||| |||| 00| 0 eng d
020 _a9211168244
037 _cGeneral Book
040 _aRTL
_cRTL
_beng
041 _2eng
_aeng
082 _aX:54, P3
110 _aUnited Nations, Economic Commission for Europe
245 0 _aTrade facilitation
_b The challenges for growth and
260 _aNew York
_bUnited Nations USA
_c2003
300 _a332p.
_ccm.
650 _aExport
700 _aUnited Nations, Economic Commission for Europe
942 _hX:54, P3
_cGB
_2CC
999 _c639817
_d639817